00601nam a2200205Ia 450000500170000000800410001702000150005804000180007304100080009108200170009910000240011624500600014025000060020026000610020630000220026765000320028965000290032165000200035065000250037020221117090113.0210716s2001 xx 000 0 und d a0074631217 cAIMIT LIBRARY aeng a005.368 FAIR aFairley, Richard E. aSoftware engineering concepts /cBy Richard E. Fairley. a1 aNew DelhibTata McGraw Hill Publishing Company Ltdc2001 axv,364 p.;c22cm. aPlanning a software project asoftware cost estimation asoftware design aSoftware maintenance